| 000 | 00873nam a22002897a 4500 | ||
|---|---|---|---|
| 003 | CHAP | ||
| 005 | 20220329140432.0 | ||
| 008 | 971013s r 00010 d | ||
| 010 | _a51915 | ||
| 011 | _a52887 | ||
| 035 | _a57037 | ||
| 040 | _cCHAP | ||
| 082 |
_a637.12 _bT75Y |
||
| 100 | 0 | 0 |
_aTrimberger, George W. _9115153 |
| 245 | _aTécnicas para juzgar el ganado lechero | ||
| 260 |
_aMontevideo : _bHemisferio Sur, _c(s.a.) |
||
| 300 |
_a372 p. _b: ilus. |
||
| 590 |
_aBATCH-UPD _b10 _c20130110 _lUCH01 _h1227 |
||
| 590 |
_aBATCH-UPD _b10 _c20130410 _lUCH01 _h0759 |
||
| 590 |
_aBATCH-UPD _b10 _c20130914 _lUCH01 _h1505 |
||
| 590 |
_aCONVERSION _b10 _c20130109 _lUCH01 _h1328 |
||
| 650 | 1 | 4 |
_aGanado lechero. _945237 |
| 650 | 1 | 4 |
_aGanado _xSelección. _944953 |
| 901 | _aBK | ||
| 942 | _cLIBRO | ||
| 949 |
_a637.12 T75Y _bBC _cLIBRO _d33724000755096 _eLIBRO _h53787 _i57037 _si |
||
| 999 |
_c51915 _d51915 |
||